Países europeos - ¡Muerte súbita! - Estadísticas

Estadísticas generales
  • Esta prueba ha sido intentada 1.408 veces
  • La puntuación promedio es 10 de 18
Answers on the Grid
Answers color-coded by a green-red scale on the quiz's grid according to % correct below.
Albania
Chipre
Austria
Australia
Orden Bektashi
Turquía
Ciudad del Vaticano
Argelia
India
Israel
Siria
Egipto
Rusia
Azerbaiyán
Armenia
Georgia
Grecia
Italia
Malta
Suecia
Kazajstán
Reino Unido
Canadá
España
Marruecos
Islandia
Ucrania
Portugal
Bielorrusia
Cataluña
Polonia
Estonia
Mongolia
Eslovenia
Líbano
Escocia
Serbia
Seychelles
Irán
 
Estadísticas de respuestas
Respuesta % Correcto
Polonia
65%
Portugal
63%
Austria
62%
Italia
62%
Grecia
61%
Eslovenia
59%
Serbia
59%
Suecia
59%
España
58%
Ucrania
58%
Bielorrusia
57%
Ciudad del Vaticano
57%
Estonia
57%
Albania
56%
Islandia
54%
Reino Unido
53%
Malta
52%
Rusia
52%
No se encontraron pruebas coincidentes
Distribución de puntuación
Porcentaje de gente con cada puntuación
Porcentaje por número respondido
Historial de tus puntuaciones
No has intentado esta prueba.